000 00818nam a22002415i 4500
001 177750
003 ES-MaACL
005 20231220145100.0
008 110418s1967 sp |||| | spa d
080 _a821.134.2-31"19"(082.2)
100 1 _aUceta, Acacia,
_d1925-2002
_9111853
245 1 4 _aUna hormiga tan solo /
_cAcacia Uceta. Campo crespo / Temístocles Rubio. Los grandes sabios / Arsenio Muñoz de la Peña.
260 _aMadrid :
_bAguilar,
_cimp. 1967.
300 _a458 p. ;
_c20 cm.
490 1 _aNova navis ;
_v17
700 0 _aRubio Carrasco, Temístocles.
_9146242
700 1 _aMuñoz de la Peña, Arsenio.
_9146243
740 0 2 _aCampo crespo.
740 4 2 _aLos grandes sabios.
830 0 _aNova navis ;
_v17
_9190579
852 _aES-MaACL
_jE-14949
_xOlim P-259
999 _c177750
_d177750